| 000 | 00974nam a2200253 i 4500 | ||
|---|---|---|---|
| 001 | 41852 | ||
| 003 | ES-MaACL | ||
| 005 | 20250815111834.0 | ||
| 007 | t| | ||
| 008 | 030312s1958 sp ||||1| spa d | ||
| 100 | 1 |
_aCasares Gil, José, _d1866-1961 _936166 |
|
| 245 | 1 | 0 |
_aTratado de análisis químico / _cpor José Casares Gil ; continuada por Román Casares López. |
| 250 | _a6ª ed. | ||
| 260 |
_aMadrid : _b[s.n.], _c1958 ( _fEstades Artes Gráficas) |
||
| 300 |
_a3 t. ; _c21 cm. |
||
| 505 | 8 | _aContiene: T. I: Análisis cualitativo mineral. -- T. II: Análisis cualitativo general. -- T. III: Análisis químico aplicado : alimentos, aguas, tóxicos, etc. | |
| 650 | 0 | 7 |
_aQuímica analítica _2embne _916630 |
| 700 | 1 |
_aCasares López, Román. _936167 |
|
| 740 | 0 | _aAnálisis cualitativo mineral. | |
| 740 | 0 | _aAnálisis cualitativo general. | |
| 740 | 0 | _aAnálisis químico aplicado. | |
| 852 |
_aES-MaACL _jC-15423-5 _bR.43496 |
||
| 999 |
_c41852 _d41852 |
||